Name zum Weltführer (1980er) - Bildquiz - Statistiken

Allgemein
  • Dieses Quiz wurde 148 mal gespielt
  • Das Durchschnittsergebnis liegt bei 12 aus 21
Antwortstatistiken
Bildquiz Hint Antwort % Korrekt
Kuba Fidel Castro
90%
Vereinigtes Königreich Margaret Thatcher
87%
Vereinigte Staaten Ronald Reagan
86%
West Deutschland Helmut Kohl
83%
Ost Deutschland Erich Honecker
79%
Vereinigte Staaten George H.W. Bush
78%
Irak Saddam Hussein
73%
Indien Indira Gandhi
67%
Sowjetunion Mikhail Gorbachev
67%
Nordkorea Kim Il-sung
65%
Frankreich François Mitterrand
63%
Vatikan-Stadt Johannes Paul II
63%
Libyen Muammar al-Gaddafi
62%
Ägypten Husni Mubarak
43%
Iran Ruhollah Chomeini
41%
Chile Augusto Pinochet
39%
China Deng Xiaoping
24%
Indonesien Suharto
23%
Rumänien Nicolae Ceaușescu
21%
Philippinen Corazon Aquino
12%
Demokratische Republik Kongo Mobutu Sese Seko
8%
Keine übereinstimmenden Quizze gefunden
Verteilung der Resultate
Anzahl Personen mit jedem Resultat
Perzentil nach korrekt beantworteten Fragen
Ihre Resultats-Entwicklung
Sie haben dieses Quiz noch nicht gespielt